| 000 | 01013cam a22002652 4500 | ||
|---|---|---|---|
| 001 | 0000002804 | ||
| 005 | 20151021151059.0 | ||
| 008 | 070419s xx 000 0 eng d | ||
| 040 |
_aKABU _cKABU |
||
| 050 | 0 |
_aHF51008 _b.I58 |
|
| 245 | 1 | 0 |
_aIntroduction to business : _ba Kenyan perspective / _cedited by Francis N. Kibera. |
| 260 |
_aNairobi : _bKenya Literature Bureau, _c1996. |
||
| 300 | _a435 p. | ||
| 650 | 0 |
_aBusiness management _zKenya. _@0000161192 |
|
| 700 | 1 |
_aKibera, Francis N. _@0000151465 |
|
| 908 | _a070419 | ||
| 950 | _@1 | ||
| 999 |
_c455 _d455 |
||